| 000 | 01081nam a22002417a 4500 | ||
|---|---|---|---|
| 999 |
_c10299 _d10299 |
||
| 003 | AR-CdUCM | ||
| 008 | 190329b ||||| |||| 00| 0 spa d | ||
| 040 |
_aMUNICIPALIDAD PROVINCIAL DEL CUSCO _cBIBLIOTECA MUNICIPAL DEL CUSCO |
||
| 041 | _hfre | ||
| 082 |
_a332.401 / _bR66 / 1945 |
||
| 100 |
_aRist, Charles _915987 |
||
| 245 |
_aHistoria de las doctrinas relativas al crédito y a la moneda : _bdesde John Law hasta la actualidad / |
||
| 260 |
_aBarcelona : _bBosch, Casa Editorial, _c1945. |
||
| 300 |
_a498 páginas ; _c22 cm. |
||
| 505 | _aContenido: Confusión de crédito y de la moneda en economía política del siglo XVIII -- La acción de los metales preciosos sobre en nivel de los precios y sobre el tipo de interés según las doctrinas del siglo XVIII -- Thornton, Ricardo y el Bullion Report -- El historiador Tooke y el lógico Ricardo ... | ||
| 650 |
_aEconomía _9382 |
||
| 650 |
_aCrédito _94465 |
||
| 650 |
_aMoneda _95487 |
||
| 650 |
_aHistoria _9136 |
||
| 700 |
_aSchop Santos, Ernesto (traducción) _927085 |
||
| 942 |
_2ddc _cLIBROS |
||
| 945 | _aachl | ||